000 00720nam a22001697a 4500
999 _c63885
_d63885
003 Ge_BSU
005 20260211173636.0
008 260211s1976 ge ||||| |||| 00| 0 geo d
041 _ageo
080 _a908(479.223) ე-56
100 _aელიზბარაშვილი, კლიმენტი
_926883
245 _aაჭარის ასსრ მეათე ხუთწლედში /
_cკლიმენტი ელიზბარაშვილი.
264 _aბათუმი :
_bსაბჭ. აჭარა,
_c1976.
300 _a48გვ.;
_b20 სმ.
653 _aკომუნისტური მშენებლობა აჭარაში.
942 _2udc
_cᲬᲘᲒᲜᲘ